00706nam a22001937a 450000500170000000800410001702000180005804000180007608200210009410000160011524501180013125000120024926000420026130000280030365000310033165000620036265000510042465000370047520250422123125.0250422b |||||||| |||| 00| 0 eng d a9789355516220 cAIMIT LIBRARY 22a346.07 bABHI aAbhivardhan aArtificial intelligence ethics and international law :bpractical approaches to AI governance /cBy Abhivardhan.2 a2nd ed. aNew Delhi :bBPB Publications,c2024. axxi,189 p.;bPBc25 cm. aPragmatism in governing AI aClassification and recognition of artificial intelligence aArtificial intelligence in a multi polar world aSelf regulating the future of AI